00498cam a22001334a 450008200140000010000210001424500500003526000450008530000260013065000300015685600580018685600650024485600550030900a543/.08711 aMonk, Paul M. S.10aFundamentals of electroanalytical chemistry / aChichester ;aNew York :bWiley,cc2001. axix, 361 p. :bill. ; 0aElectrochemical analysis.42uhttp://www.loc.gov/catdir/bios/wiley042/00043577.html42uhttp://www.loc.gov/catdir/description/wiley034/00043577.html4 uhttp://www.loc.gov/catdir/toc/onix06/00043577.html